000 00359 a2200109 4500
001 ART_42125
005 20260410162005.0
008 260409a
245 1 0 _aEl derecho a la imágen en el Código Civil y Comercial de la Nación
100 1 _aLencina, Marcelo A.
773 0 _tTemas de derecho civil
_g- Año 3, Nº 5 (mayo 2017)
_wREV34778
999 _c31681
_d31681